|
VMS Library |
|
แสดงรายละเอียดบรรณานุกรม |
|
|
Brief Record
: Get Marc (ISO 2709)
: E-mail record
: |
|
|
| LEADER 00000nam 2200000uu 4500 | |||
| 001 13399128807 | |||
| 003 ULIBM | |||
| 008 131219s2553||||th 000 0 tha d | |||
| 099 ^aPLAN 025 | |||
| 245 00 ^aโครงการศูนย์พัฒนาเด็กเล็ก เทศบาลเมืองรังสิต (ชุมชนสินสมุทร) จังหวัดปทุมธานี /^cออกแบบโดยศูนย์นวัตกรรมการออกแบบและวิจัย คณะสถาปัตยกรรมศาสตร์และการผังเมือง มหาวิทยาลัยธรรมศาสตร์ ศูนย์รังสิต จังหวัดปทุมธานี. | |||
| 260 ^a2553. | |||
| 500 ^aแบบแปลน. | |||
| 650 4 ^aแบบแปลน. | |||
| 700 1 ^aนวรัตน์ แซ่ฉั่^eผู้เขียนแบบ. | |||
| 710 2 ^aCenter of Innovative Design and Research (CIDAR). | |||
| 999 ^aประวีณา ปานทอง | |||
| คุณยังไม่ได้ล็อกอิน คุณสามารถมีกิจกรรมร่วมกับเว็บไซต์ได้ แต่ต้องล็อกอินก่อน :: |
|
| สถานะ | |||||||||
| 1. | แบบแปลน | PLAN 025 2553 Barcode: 3 26 013446 | On Shelf ขอยืม | ||||||
| 2. | แบบแปลน | PLAN 025 2553 c.2 Barcode: 3 26 022115 | On Shelf ขอยืม | ||||||
| [แสดง 2/2 รายการ] | |||||||||
| รายการใกล้เคียง หัวเรื่อง [แบบแปลน.]
|
BibComment |
| คอมเมนท์ทรัพยากรรายการนี้ |
|
|